| 000 | 00527nam a2200169Ia 4500 | ||
|---|---|---|---|
| 003 | OSt | ||
| 005 | 20260324115643.0 | ||
| 008 | 190216s9999||||xx |||||||||||||| ||und|| | ||
| 020 | _a9788188014590 | ||
| 040 | _coclc | ||
| 082 |
_a523.1 _bHAW/K |
||
| 100 |
_a Hawking, Stephen _95818 |
||
| 245 | 0 |
_aKaalathinte Oru Samkshiptha Charithram = A Brief History Of Time / _cStephen Hawking |
|
| 260 |
_bLipi Publications, _c2013. _aKozhikode: |
||
| 300 | _a208p | ||
| 942 |
_cBK _2ddc _h523.1 _iHAW/K _k523.1 _mHAW/K |
||
| 999 |
_c29973 _d29973 |
||